Our search for serenity. (Record no. 13080)

000 -LEADER
fixed length control field 00593nam a2200193 a 4500
001 - CONTROL NUMBER
control field :::00010898$&:&@@
003 - CONTROL NUMBER IDENTIFIER
control field OkBaRHE
005 - DATE AND TIME OF LATEST TRANSACTION
control field 20000607103403.0
008 - FIXED-LENGTH DATA ELEMENTS--GENERAL INFORMATION
fixed length control field s1983 j 000 0 eng u
040 ## - CATALOGING SOURCE
Transcribing agency
100 1# - MAIN ENTRY--PERSONAL NAME
Personal name Tchividjian, Stephen and Tchividjian, Gigi.
245 10 - TITLE STATEMENT
Title Our search for serenity.
260 ## - PUBLICATION, DISTRIBUTION, ETC. (IMPRINT)
Place of publication, distribution, etc Minneapolis, MN., :
Name of publisher, distributor, etc World Wide
Date of publication, distribution, etc c1983
300 ## - PHYSICAL DESCRIPTION
Extent 168 p. ;
Dimensions 20 cm.
650 ## - SUBJECT ADDED ENTRY--TOPICAL TERM
Topical term or geographic name as entry element Christian Life
700 ## - ADDED ENTRY--PERSONAL NAME
Personal name Tchividjian, Gigi.
942 ## - ADDED ENTRY ELEMENTS (KOHA)
Source of classification or shelving scheme
Koha item type Books
Copies
Date acquired Withdrawn status Damaged status Barcode Date last seen Lost status Permanent Location Not for loan Full call number Koha item type Source of classification or shelving scheme Shelving location Copy number Price effective from
2010-04-14  108982010-04-14 RHEMA Bible Training College BV 4501.2 .T34Books General Stacks12010-04-14